[Event "13th Parsvnath Open"]
[Site "New Delhi IND"]
[Date "2015.01.12"]
[Round "6.14"]
[White "Kunal, M."]
[Black "Debashis, Das"]
[Result "1/2-1/2"]
[BlackTitle "GM"]
[WhiteElo "2336"]
[BlackElo "2503"]
[WhiteFideId "5018250"]
[BlackFideId "5024854"]
[EventDate "2015.01.09"]

1. b3 c5 2. Bb2 Nc6 3. Nf3 Nf6 4. e3 e6 5. Be2 d5 6. Ne5 Nxe5 7. Bxe5 Be7 8.
Bb5+ Bd7 9. Bxd7+ Qxd7 10. d3 O-O 11. Nd2 Qc6 12. O-O Nd7 13. Bb2 f5 14. e4 d4
15. exf5 exf5 16. Qf3 Qxf3 17. Nxf3 Bd6 18. Rfe1 Rfe8 19. Kf1 a6 20. a4 Nf6 1/2-1/2

[Event "13th Parsvnath Open"]
[Site "New Delhi IND"]
[Date "2015.01.12"]
[Round "6.15"]
[White "Neverov, Valeriy"]
[Black "Navalgund, Niranjan"]
[Result "1/2-1/2"]
[WhiteTitle "GM"]
[WhiteElo "2501"]
[BlackElo "2309"]
[WhiteFideId "14100150"]
[BlackFideId "5030854"]
[EventDate "2015.01.09"]

1. d4 Nf6 2. c4 g6 3. Nc3 Bg7 4. e4 d6 5. f3 O-O 6. Nge2 c5 7. d5 e6 8. Ng3 exd5
9. cxd5 a6 10. a4 h5 11. Bg5 Qa5 12. Qd2 Re8 13. Be2 Nh7 14. Bh6 Bd4 15. Be3 Bh8
16. O-O Nd7 17. f4 h4 18. Nh1 Bxc3 19. bxc3 Rxe4 20. Nf2 Rxa4 21. Rxa4 Qxa4 22.
Bd1 Qc4 23. Be2 Qa4 24. Bd1 Qc4 25. Be2 Qa4 26. Bd1 Qc4 27. Be2 1/2-1/2

[Event "13th Parsvnath Open"]
[Site "New Delhi IND"]
[Date "2015.01.12"]
[Round "6.16"]
[White "Deshpande, Aniruddha"]
[Black "Shyam, Sundar M."]
[Result "1/2-1/2"]
[BlackTitle "GM"]
[WhiteElo "2157"]
[BlackElo "2489"]
[WhiteFideId "5021774"]
[BlackFideId "5019141"]
[EventDate "2015.01.09"]

1. e4 e5 2. Nf3 Nc6 3. Bb5 g6 4. c3 a6 5. Ba4 d6 6. d4 Bd7 7. O-O Bg7 8. Be3 Nf6
9. dxe5 Nxe5 10. Nxe5 dxe5 11. Bxd7+ Qxd7 12. Qxd7+ Nxd7 13. Nd2 O-O-O 14. Nc4
f5 15. exf5 gxf5 16. f4 e4 17. Rad1 Nf6 18. Bd4 Nh5 19. Ne3 Bxd4 20. cxd4 Rhf8
21. d5 1/2-1/2

[Event "13th Parsvnath Open"]
[Site "New Delhi IND"]
[Date "2015.01.12"]
[Round "6.17"]
[White "Kunte, Abhijit"]
[Black "Pradeep, Kumar R.A."]
[Result "1-0"]
[WhiteTitle "GM"]
[WhiteElo "2486"]
[BlackElo "2291"]
[WhiteFideId "5002265"]
[BlackFideId "5023181"]
[EventDate "2015.01.09"]

1. d4 Nf6 2. Nf3 g6 3. c4 Bg7 4. g3 d6 5. Bg2 O-O 6. O-O Nbd7 7. Nc3 e5 8. e4
exd4 9. Nxd4 Re8 10. h3 a6 11. Re1 Rb8 12. a4 Ne5 13. b3 Nfd7 14. Be3 Nc5 15.
Re2 Bd7 16. Rd2 Qc8 17. Kh2 Nc6 18. Nde2 Be6 19. Rb1 Nb4 20. f4 b6 21. Bd4 Bd7
22. Bxg7 Kxg7 23. g4 Bc6 24. Ng3 f6 25. Qf3 a5 26. Nd5 Bxd5 27. cxd5 b5 28. axb5
Rxb5 29. Bf1 Rb8 30. Re1 c6 31. dxc6 Qxc6 32. Qc3 Nb7 33. Qb2 d5 34. exd5 Qd6
35. Re6 Rxe6 36. dxe6 Qxe6 37. Bc4 Qc6 38. g5 Nc5 39. gxf6+ Qxf6 40. Nh5+ gxh5
41. Rg2+ 1-0

[Event "13th Parsvnath Open"]
[Site "New Delhi IND"]
[Date "2015.01.12"]
[Round "6.18"]
[White "Ajay Krishna, S"]
[Black "Sunilduth Lyna, Narayanan"]
[Result "0-1"]
[BlackTitle "IM"]
[WhiteElo "2187"]
[BlackElo "2437"]
[WhiteFideId "5096430"]
[BlackFideId "5058422"]
[EventDate "2015.01.09"]

1. d4 Nf6 2. Nf3 c5 3. g3 cxd4 4. Nxd4 g6 5. Bg2 Bg7 6. O-O O-O 7. c4 Nc6 8. Nc3
Ng4 9. e3 Nge5 10. b3 d6 11. h3 a6 12. Kh2 Rb8 13. f4 Nxd4 14. exd4 Nd7 15. a4
Nf6 16. Be3 Bd7 17. Rc1 Bc6 18. d5 Bd7 19. Re1 Re8 20. b4 a5 21. Qb3 axb4 22.
Qxb4 b6 23. Ne2 e5 24. fxe5 dxe5 25. Nc3 Bf8 26. d6 Re6 27. Red1 Be8 28. Bg5
Rxd6 29. Bxf6 Rxd1 30. Bxd8 Bxb4 31. Rxd1 Bxc3 32. Bc7 Bxa4 33. Rc1 Rc8 34. Bxb6
Bd2 35. Rf1 Bc6 36. Bd5 Bxd5 37. cxd5 Bb4 38. Rf6 Rc2+ 39. Kh1 Rd2 40. Be3 Rxd5
41. Rc6 Kg7 42. Kg2 Rd7 43. Bg5 Be7 44. Be3 f5 45. h4 h5 46. Re6 Bf6 47. Bg5
Bxg5 48. hxg5 Rd4 49. Rxe5 Rg4 50. Re7+ Kf8 51. Ra7 Rxg5 52. Kf3 Rg4 53. Rh7 Re4
54. Rb7 Re7 55. Rb4 Kg7 56. Kf4 Kf6 57. Kf3 Kg5 58. Rc4 Re4 59. Rc6 h4 60. gxh4+
Rxh4 61. Kg3 f4+ 62. Kg2 Rg4+ 63. Kf2 Rg3 64. Rb6 Ra3 65. Rc6 Kf5 66. Rb6 g5 67.
Rb1 Ra2+ 68. Kf1 Kg4 69. Rb3 f3 70. Rb5 Kf4 71. Rc5 g4 72. Rc1 Kg3 73. Rd1 Rh2
74. Kg1 f2+ 0-1

[Event "13th Parsvnath Open"]
[Site "New Delhi IND"]
[Date "2015.01.12"]
[Round "6.19"]
[White "Prasanna, Raghuram Rao"]
[Black "Abhishek, Kelkar"]
[Result "1/2-1/2"]
[WhiteTitle "IM"]
[WhiteElo "2436"]
[BlackElo "2280"]
[WhiteFideId "5022401"]
[BlackFideId "5019257"]
[EventDate "2015.01.09"]

1. e4 e5 2. Nf3 Nc6 3. Bc4 Nf6 4. d3 Be7 5. O-O O-O 6. c3 d5 7. exd5 Nxd5 8. Re1
Bg4 9. Nbd2 Nb6 10. Bb5 Bd6 11. h3 Bh5 12. Ne4 Re8 13. Ng3 Bg6 14. Bg5 Qd7 15.
Nh4 a6 16. Bxc6 Qxc6 17. Nhf5 Bf8 18. h4 f6 19. Be3 Nd5 20. Qg4 Kh8 21. h5 Bf7
22. Nh4 Qe6 23. Qe4 Rad8 24. Ng6+ Kg8 25. Nxf8 Rxf8 26. Qf3 Kh8 27. d4 e4 28.
Qxe4 Qxe4 29. Nxe4 Bxh5 30. Nc5 Bf7 31. a4 Nxe3 32. Rxe3 Bd5 33. Re7 Rc8 34.
Rae1 Kg8 35. b3 b6 36. Nxa6 Bxb3 37. Nxc7 Bxa4 38. d5 Rfd8 39. Ne6 Rxd5 40.
Rxg7+ Kh8 41. Rf7 Re5 42. Rxe5 fxe5 43. Rb7 Bb3 44. Ng5 Bg8 45. Rxb6 Rxc3 46.
Rb5 Rc1+ 47. Kh2 Re1 48. Kg3 Re2 49. Kf3 Re1 50. Ne4 Bc4 51. Rxe5 Bd3 52. g4
Bxe4+ 53. Rxe4 Ra1 54. Re7 Ra4 55. Kg3 Kg8 56. f4 Rb4 57. Rc7 Ra4 58. Re7 Rb4
59. f5 h5 60. gxh5 Ra4 61. h6 Ra6 62. h7+ Kh8 63. Kf4 Ra5 64. f6 Rf5+ 65. Ke4 1/2-1/2

[Event "13th Parsvnath Open"]
[Site "New Delhi IND"]
[Date "2015.01.12"]
[Round "6.20"]
[White "Satyapragyan, Swayangsu"]
[Black "Chakravarthi Reddy, M"]
[Result "1/2-1/2"]
[WhiteTitle "IM"]
[BlackTitle "IM"]
[WhiteElo "2410"]
[BlackElo "2239"]
[WhiteFideId "5004306"]
[BlackFideId "25009532"]
[EventDate "2015.01.09"]

1. e4 e6 2. d4 d5 3. Nd2 Nf6 4. e5 Nfd7 5. f4 c5 6. c3 Nc6 7. Ndf3 cxd4 8. cxd4
f5 9. Bd3 Be7 10. Ne2 O-O 11. Neg1 1/2-1/2

[Event "13th Parsvnath Open"]
[Site "New Delhi IND"]
[Date "2015.01.12"]
[Round "6.21"]
[White "Swathi, Ghate"]
[Black "Rathnakaran, K."]
[Result "1/2-1/2"]
[WhiteTitle "WGM"]
[BlackTitle "IM"]
[WhiteElo "2188"]
[BlackElo "2387"]
[WhiteFideId "5003474"]
[BlackFideId "5005507"]
[EventDate "2015.01.09"]

1. e4 e6 2. d4 d5 3. Nc3 Nf6 4. e5 Nfd7 5. f4 c5 6. Nf3 a6 7. Be3 b5 8. a3 Bb7
9. Be2 Nc6 10. Qd2 Qb6 11. Rd1 Rc8 12. Na2 c4 13. O-O a5 14. Qe1 Ne7 15. Bd2 Ra8
16. g4 h5 17. h3 hxg4 18. hxg4 g5 19. Qf2 gxf4 20. Bxf4 Rg8 21. Ng5 f6 22. exf6
Nxf6 23. Be5 Ne4 24. Qf7+ Kd7 25. Nh7 Ng5 26. Nxg5 Rxg5 27. Bf6 Qd6 28. Kg2 Rg8
29. Nc3 Ba6 30. Rde1 Bh6 31. Be5 Qc6 32. Qh7 Bg5 33. Rf7 b4 34. axb4 axb4 35.
Nd1 Raf8 36. Nf2 Rxf7 37. Qxf7 Qc8 38. Nh3 Rf8 39. Qh7 Bf6 40. Bxf6 Rxf6 41. g5
Rf5 42. Bg4 Kd6 43. Bxf5 Nxf5 44. c3 bxc3 45. bxc3 Qb8 46. Nf4 Bc8 47. Qh2 Kc6
48. Nxe6 Nd6 49. Kg1 Bxe6 50. Rxe6 Qb1+ 51. Kg2 Qc2+ 52. Kh1 Qd1+ 53. Qg1 Qh5+
54. Qh2 Qd1+ 1/2-1/2

[Event "13th Parsvnath Open"]
[Site "New Delhi IND"]
[Date "2015.01.12"]
[Round "6.22"]
[White "Lazarev, Vladimir"]
[Black "Kumar, Gaurav"]
[Result "1-0"]
[WhiteTitle "GM"]
[WhiteElo "2379"]
[BlackElo "1986"]
[WhiteFideId "4113250"]
[BlackFideId "5085578"]
[EventDate "2015.01.09"]

1. d4 Nf6 2. c4 e6 3. Nf3 d5 4. g3 Be7 5. Bg2 O-O 6. Qc2 dxc4 7. Nbd2 c5 8. dxc5
Bxc5 9. O-O Nc6 10. Nxc4 Qe7 11. Bf4 Nd5 12. Bg5 f6 13. Bd2 a5 14. Rac1 Ncb4 15.
Qb1 b5 16. Nxa5 Rxa5 17. a3 Bb7 18. e4 Ra4 19. exd5 Nxd5 20. Qd3 Nc7 21. Ng5
fxg5 22. Bxb7 Rd4 23. Qe2 Nd5 24. Bxg5 Qd6 25. Qxb5 Ba7 26. Rc8 Nc7 27. Rxf8+
Kxf8 28. Qe2 Rd3 29. Bf4 1-0

[Event "13th Parsvnath Open"]
[Site "New Delhi IND"]
[Date "2015.01.12"]
[Round "6.23"]
[White "Brunello, Sabino"]
[Black "Kulkarni, Rakesh"]
[Result "1/2-1/2"]
[WhiteTitle "GM"]
[WhiteElo "2552"]
[BlackElo "2241"]
[WhiteFideId "813613"]
[BlackFideId "5037077"]
[EventDate "2015.01.09"]

1. d4 d5 2. c4 c6 3. Nf3 Nf6 4. e3 a6 5. Nc3 Bf5 6. Bd3 Bxd3 7. Qxd3 e6 8. O-O
Nbd7 9. e4 dxe4 10. Nxe4 Nxe4 11. Qxe4 Nf6 12. Qc2 Be7 13. Bf4 O-O 14. Rad1 Qa5
15. Ne5 Rac8 16. c5 Nd5 17. Bg3 b6 18. cxb6 Nxb6 19. Nxc6 Bf6 20. b3 Qa3 21. Rc1
Bxd4 22. Qd2 Bc5 23. b4 Rxc6 24. bxc5 Nd5 25. Bd6 Rfc8 26. Rb1 Qc3 27. Qe2 Qf6
28. Rb7 Nc3 29. Qe3 Nd5 30. Qe4 h6 31. h3 Nc3 32. Qe3 Qd4 33. Qf3 Qf6 34. Qg4
Qf5 35. Qxf5 exf5 36. f3 Na4 37. Ra7 Nxc5 38. Bxc5 Rxc5 39. Rxa6 Rc2 40. Rf2
Rc1+ 41. Rf1 R1c2 42. Rf2 Rc1+ 43. Rf1 R1c2 44. Rf2 1/2-1/2

[Event "13th Parsvnath Open"]
[Site "New Delhi IND"]
[Date "2015.01.12"]
[Round "6.24"]
[White "Gasanov, Eldar"]
[Black "Gajwa, Ankit"]
[Result "1-0"]
[WhiteTitle "GM"]
[WhiteElo "2520"]
[BlackElo "2215"]
[WhiteFideId "14104466"]
[BlackFideId "5077834"]
[EventDate "2015.01.09"]

1. d4 d5 2. c4 c6 3. Nf3 Nf6 4. Qb3 dxc4 5. Qxc4 Bg4 6. Nc3 Nbd7 7. e4 e5 8.
dxe5 Bxf3 9. exf6 Qxf6 10. gxf3 Ne5 11. Qa4 Nxf3+ 12. Kd1 Nd4 13. Be3 Bb4 14.
Qxb4 Qf3+ 15. Kd2 Rd8 16. Bxd4 Qxh1 17. Nd5 Rd7 18. Bh3 1-0

[Event "13th Parsvnath Open"]
[Site "New Delhi IND"]
[Date "2015.01.12"]
[Round "6.25"]
[White "Andrenko, Irina"]
[Black "Nguyen, Duc Hoa"]
[Result "0-1"]
[WhiteTitle "WIM"]
[BlackTitle "GM"]
[WhiteElo "2228"]
[BlackElo "2518"]
[WhiteFideId "14118270"]
[BlackFideId "12401358"]
[EventDate "2015.01.09"]

1. e4 e5 2. Nf3 Nf6 3. Nxe5 d6 4. Nf3 Nxe4 5. Qe2 Qe7 6. d3 Nf6 7. Bg5 Qxe2+ 8.
Bxe2 Be7 9. Nc3 h6 10. Bd2 Bf5 11. O-O-O Nc6 12. Nb5 O-O-O 13. Nfd4 Nxd4 14.
Nxd4 Bd7 15. Bf3 Ng4 16. Rdf1 Bf6 17. Nb3 Ne5 18. Be4 Nc6 19. f4 Ne7 20. Bf3 h5
21. g3 Nf5 22. Rhg1 b6 23. Re1 g6 24. c3 Nh6 25. Nd4 Bxd4 26. cxd4 Rde8 27.
Rxe8+ Rxe8 28. Re1 Rxe1+ 29. Bxe1 Be6 30. a3 Kd7 31. b4 c6 32. Kd2 b5 33. Bf2 a6
34. Bg1 Nf5 35. Bf2 Ne7 36. Bg1 Kc7 37. Bf2 Kb7 38. Bg1 a5 39. Bf2 axb4 40. axb4
Kc7 41. Be1 Kd7 42. Bf2 Bd5 43. Bd1 Ke6 44. Ke2 Ba2 45. h3 Nd5 46. Kf3 Nxb4 47.
Be2 Nd5 48. g4 hxg4+ 49. hxg4 b4 50. Ke4 f5+ 51. gxf5+ gxf5+ 52. Kf3 b3 53. Bd1
b2 54. Bc2 Nb4 0-1

[Event "13th Parsvnath Open"]
[Site "New Delhi IND"]
[Date "2015.01.12"]
[Round "6.26"]
[White "Ashwath, R."]
[Black "Thejkumar, M. S."]
[Result "1/2-1/2"]
[BlackTitle "IM"]
[WhiteElo "2216"]
[BlackElo "2459"]
[WhiteFideId "5021049"]
[BlackFideId "5009154"]
[EventDate "2015.01.09"]

1. d4 Nf6 2. c4 c5 3. dxc5 e6 4. Nc3 Bxc5 5. Nf3 d5 6. e3 Nc6 7. a3 Bd6 8. cxd5
exd5 9. g3 Bg4 10. Bg2 O-O 11. h3 Be6 12. O-O Rc8 13. Nb5 Be7 14. Nbd4 Bd7 15.
b4 Ne4 16. Bb2 a5 17. b5 Nxd4 18. Nxd4 Nc3 19. Qd3 Na4 20. Qb3 Nxb2 21. Qxb2 Bf6
22. Bxd5 Bxh3 23. Bxb7 Rb8 24. Bg2 Bxg2 25. Kxg2 Qd5+ 26. Kg1 h5 27. Rad1 h4 28.
Qe2 hxg3 29. fxg3 Bxd4 30. Rxd4 Qe5 31. Rdf4 Rxb5 32. Qd3 Re8 33. e4 Rb7 34. Rf5
Qe6 35. Qd5 Rb3 36. Qxe6 Rxe6 37. Rxa5 Rxg3+ 38. Kh2 Rg4 39. Ra8+ Kh7 40. Kh3
Rg5 41. Rf4 Rb6 42. Rh4+ Kg6 43. Rg4 Rb1 44. Rxg5+ Kxg5 45. Ra5+ Kf6 46. Kg4 g6
47. Kf4 g5+ 48. Kg4 Rg1+ 49. Kf3 Rf1+ 50. Ke3 g4 51. a4 Rf3+ 52. Ke2 Kg6 53. Rf5
Ra3 54. a5 f6 55. Kf2 Ra4 56. Kg3 Rxe4 57. Rf4 Re3+ 58. Kxg4 Ra3 59. Rb4 Rxa5
60. Rc4 Rg5+ 61. Kf4 Rh5 62. Kg4 f5+ 63. Kg3 Kg5 64. Rc8 1/2-1/2

[Event "13th Parsvnath Open"]
[Site "New Delhi IND"]
[Date "2015.01.12"]
[Round "6.27"]
[White "Shyam, Nikil P."]
[Black "Surendran, N."]
[Result "1-0"]
[WhiteTitle "IM"]
[WhiteElo "2455"]
[BlackElo "2197"]
[WhiteFideId "5024218"]
[BlackFideId "5021243"]
[EventDate "2015.01.09"]

1. g3 Nf6 2. Bg2 e6 3. e4 d5 4. e5 Nfd7 5. d4 c5 6. c3 Nc6 7. Ne2 Be7 8. O-O b5
9. f4 Nb6 10. Kh1 h5 11. dxc5 Bxc5 12. Nd2 Be7 13. Nb3 g6 14. Ned4 Nxd4 15. Nxd4
Bd7 16. Qe2 a6 17. b3 Qc7 18. Be3 Rc8 19. Rfc1 Qb7 20. Qf2 Rb8 21. c4 Rc8 22.
Rab1 b4 23. Nc2 h4 24. g4 h3 25. Bf3 Bc6 26. Nd4 Bc5 27. Nxc6 Bxe3 28. Qxe3 Rxc6
29. f5 gxf5 30. gxf5 Qc7 31. fxe6 fxe6 32. Rd1 Rc5 33. Rd4 Nd7 34. cxd5 Rc3 35.
Qe4 Qxe5 36. dxe6 1-0

[Event "13th Parsvnath Open"]
[Site "New Delhi IND"]
[Date "2015.01.12"]
[Round "6.28"]
[White "Harikrishnan.A.Ra"]
[Black "Cruz, Jonathan"]
[Result "0-1"]
[BlackTitle "IM"]
[WhiteElo "2200"]
[BlackElo "2454"]
[WhiteFideId "5081483"]
[BlackFideId "3802124"]
[EventDate "2015.01.09"]

1. Nf3 Nf6 2. c4 c5 3. g3 Nc6 4. Bg2 d5 5. cxd5 Nxd5 6. O-O e5 7. Nc3 Nc7 8. d3
Be7 9. Be3 O-O 10. Rc1 Bd7 11. Nd2 Rb8 12. Nc4 f6 13. f4 b5 14. Nd2 Nd4 15. Nce4
Bg4 16. Nf3 Nd5 17. Bxd4 cxd4 18. Qb3 Kh8 19. fxe5 Ne3 20. exf6 gxf6 21. Rfe1
Qb6 22. a4 Qa5 23. Ra1 b4 24. Nf2 Bh5 25. Nd2 Bf7 26. Nc4 Qa6 27. Ne4 f5 28.
Ned2 f4 29. Ne4 fxg3 30. hxg3 Qh6 31. a5 Ng4 0-1

[Event "13th Parsvnath Open"]
[Site "New Delhi IND"]
[Date "2015.01.12"]
[Round "6.29"]
[White "Gagare, Shardul"]
[Black "Shashikant, Kutwal"]
[Result "1-0"]
[WhiteTitle "IM"]
[WhiteElo "2437"]
[BlackElo "2189"]
[WhiteFideId "5037883"]
[BlackFideId "5006520"]
[EventDate "2015.01.09"]

1. Nf3 Nf6 2. d4 d5 3. c4 c6 4. Nc3 a6 5. e3 Bf5 6. Bd3 Bxd3 7. Qxd3 e6 8. O-O
Be7 9. e4 dxe4 10. Nxe4 Nxe4 11. Qxe4 Nd7 12. Bf4 O-O 13. Rad1 Re8 14. Qc2 Nf8
15. Qb3 Ng6 16. Bg3 b5 17. Rd3 Bd6 18. Rc1 Bf4 19. Bxf4 Nxf4 20. Re3 Qd6 21. g3
Ng6 22. Qc2 Red8 23. Qe4 h6 24. Rd3 bxc4 25. Rxc4 Qd5 26. Qxd5 cxd5 27. Rc7 Rdc8
28. Rdc3 Rxc7 29. Rxc7 Rb8 30. b3 Rb6 31. Kf1 f6 32. Ne1 Kf8 33. Nd3 Ne7 34. Nc5
Ke8 35. Ke2 e5 36. Ra7 Rc6 37. b4 1-0

[Event "13th Parsvnath Open"]
[Site "New Delhi IND"]
[Date "2015.01.12"]
[Round "6.30"]
[White "Pratyusha, Bodda"]
[Black "Karthikeyan, P."]
[Result "0-1"]
[BlackTitle "IM"]
[WhiteElo "2192"]
[BlackElo "2435"]
[WhiteFideId "5000629"]
[BlackFideId "5018226"]
[EventDate "2015.01.09"]

1. d4 Nf6 2. c4 e6 3. Nc3 Bb4 4. Qc2 d5 5. cxd5 exd5 6. Bg5 c5 7. dxc5 h6 8. Bh4
Be6 9. e3 O-O 10. a3 Bxc5 11. Nf3 Nbd7 12. Be2 Rc8 13. O-O Be7 14. Qd1 a6 15.
Rc1 b5 16. Bd3 Nc5 17. Bb1 Qb6 18. Nd4 b4 19. Na4 Nxa4 20. Rxc8 Rxc8 21. Qxa4
bxa3 22. bxa3 Bd7 23. Qd1 Bxa3 24. Bxf6 Qxf6 25. Qb3 Qd6 26. Ba2 Bc5 27. Qxd5
Qxd5 28. Bxd5 a5 29. Rb1 a4 30. h3 a3 31. Rb7 Be8 32. Nf3 Rd8 33. Bb3 Rd1+ 34.
Kh2 Ra1 35. Ne5 a2 36. Bxa2 Bd6 37. Bc4 Bxe5+ 38. f4 Bd6 39. Rb6 Rd1 40. Ra6 Kf8
41. Ra8 Be7 42. e4 g5 43. g3 Rd2+ 44. Kg1 gxf4 45. gxf4 Bc5+ 46. Kh1 Ke7 47. Bd5
Bd7 48. Ra5 Bb6 49. Ra6 Rb2 50. f5 f6 51. Ra8 Bb5 52. Rg8 Kd6 53. Rg6 Ke5 54.
Rxh6 Be2 55. Kg2 Bh5+ 56. Kf1 Bf3 57. Ke1 Be3 0-1

[Event "13th Parsvnath Open"]
[Site "New Delhi IND"]
[Date "2015.01.12"]
[Round "6.31"]
[White "Sardana, Rishi"]
[Black "Krishna Teja, N"]
[Result "0-1"]
[WhiteTitle "IM"]
[WhiteElo "2404"]
[BlackElo "2158"]
[WhiteFideId "25004301"]
[BlackFideId "5001498"]
[EventDate "2015.01.09"]

1. e4 e6 2. d4 d5 3. Nd2 dxe4 4. Nxe4 Bd7 5. Nf3 Bc6 6. Bd3 Nd7 7. O-O Ngf6 8.
Ng3 Be7 9. b3 O-O 10. Bb2 Re8 11. c4 Bxf3 12. Qxf3 c6 13. Rad1 Bf8 14. Ne4 Nxe4
15. Bxe4 Nf6 16. Bb1 Be7 17. Qh3 g6 18. f4 Bf8 19. Bd3 Bg7 20. Be2 Qa5 21. a3
Qf5 22. Qe3 Rad8 23. Bf3 Ng4 24. Qe2 h5 25. h3 Nh6 26. Be4 Qf6 27. Rd3 Nf5 28.
Rfd1 Qh4 29. Qf2 Qxf2+ 30. Kxf2 h4 31. b4 Nd6 32. Bf3 Nxc4 33. Ba1 Bh6 34. b5
cxb5 35. d5 exd5 36. Bxd5 Rb8 37. Kf3 Bg7 38. Bxf7+ Kxf7 39. Rd7+ Re7 40. Rxe7+
Kxe7 41. Bxg7 Nxa3 42. Be5 Rc8 43. Bd6+ Ke6 44. Bxa3 Rc3+ 45. Kg4 Rxa3 46. Kxh4
b4 47. g4 Ra5 48. Re1+ Kf6 49. Rb1 Rb5 50. Rd1 b3 51. g5+ 0-1

[Event "13th Parsvnath Open"]
[Site "New Delhi IND"]
[Date "2015.01.12"]
[Round "6.32"]
[White "Aradhya, Garg"]
[Black "Gusain, Himal"]
[Result "1/2-1/2"]
[WhiteElo "2158"]
[BlackElo "2322"]
[WhiteFideId "25006746"]
[BlackFideId "5033861"]
[EventDate "2015.01.09"]

1. d4 Nf6 2. c4 c5 3. d5 e6 4. Nf3 exd5 5. cxd5 d6 6. Nc3 g6 7. Nd2 Bg7 8. e4
O-O 9. Be2 a6 10. a4 Re8 11. O-O Nbd7 12. f4 Rb8 13. Kh1 h5 14. a5 b5 15. axb6
Nxb6 16. h3 Ng4 17. Nf3 Bxc3 18. bxc3 Nf6 19. Ng5 Nxe4 20. Nxe4 Rxe4 21. Bd3 Bf5
22. Bxe4 Bxe4 23. Qe1 f5 24. Rxa6 Bxd5 25. Ra7 Nc4 26. Kh2 Ra8 27. Rxa8 Qxa8 28.
Qg3 Qe8 29. Re1 Qf7 30. Be3 Kg7 31. Qg5 Qf6 32. Qxf6+ Kxf6 33. Bf2 Be4 34. Ra1
g5 35. fxg5+ Kxg5 36. Ra6 f4 37. h4+ Kf5 38. Ra7 Bd3 39. Rf7+ Ke4 40. Rh7 Be2
41. Rd7 Bg4 42. Rd8 Ke5 43. Kg1 Nb6 44. g3 Nd7 45. Re8+ Kf5 46. gxf4 Kxf4 47.
Kh2 1/2-1/2

[Event "13th Parsvnath Open"]
[Site "New Delhi IND"]
[Date "2015.01.12"]
[Round "6.33"]
[White "Dhar, Rajib"]
[Black "Kathmale, Sameer"]
[Result "0-1"]
[BlackTitle "IM"]
[WhiteElo "2151"]
[BlackElo "2304"]
[WhiteFideId "5015596"]
[BlackFideId "5024498"]
[EventDate "2015.01.09"]

1. d4 d5 2. c4 c6 3. Nc3 Nf6 4. Nf3 dxc4 5. a4 Bf5 6. e3 e6 7. Bxc4 Bb4 8. O-O
O-O 9. Qe2 Nbd7 10. e4 Bg6 11. Bd3 h6 12. e5 Nd5 13. Nxd5 cxd5 14. Bxg6 fxg6 15.
Qb5 Qe7 16. a5 a6 17. Qd3 g5 18. Bd2 Bxd2 19. Qxd2 Nb8 20. Ne1 Nc6 21. Nc2 Rac8
22. Ra3 Rc7 23. Rc1 Rf4 24. g3 Rf8 25. Kg2 Qf7 26. Ne1 g4 27. Rac3 Qh5 28. Nd3
Qh3+ 29. Kg1 Nxd4 30. Ne1 Rxc3 31. Rxc3 Nc6 0-1

[Event "13th Parsvnath Open"]
[Site "New Delhi IND"]
[Date "2015.01.12"]
[Round "6.34"]
[White "Sangma, Rahul"]
[Black "Senthil, Maran K"]
[Result "1-0"]
[WhiteTitle "IM"]
[WhiteElo "2289"]
[BlackElo "2104"]
[WhiteFideId "5013615"]
[BlackFideId "25035681"]
[EventDate "2015.01.09"]

1. e4 c5 2. Nf3 g6 3. d4 cxd4 4. Nxd4 Nc6 5. c4 Nf6 6. Nc3 d6 7. Be2 Nxd4 8.
Qxd4 Bg7 9. Bg5 O-O 10. Qd2 a5 11. Rd1 Be6 12. b3 a4 13. e5 dxe5 14. Qxd8 Rfxd8
15. Rxd8+ Rxd8 16. Nxa4 Bd7 17. Nc3 h6 18. Be3 Bc6 19. O-O e4 20. Rd1 Nd7 21.
Nd5 Kf8 22. Nb4 Ke8 23. a4 Ne5 24. Rxd8+ Kxd8 25. a5 f5 26. a6 bxa6 27. Nxa6 Nd3
28. Bxd3 exd3 29. Bd2 f4 30. Nc5 e5 31. Nxd3 g5 32. b4 e4 33. Nc5 Bf8 34. Ne6+
Ke7 35. Nd4 Bd7 36. g3 Bg7 37. Nb3 Be5 38. gxf4 gxf4 39. b5 Bc7 40. Nc5 Bf5 41.
Na6 Be5 42. Nb4 Kd6 43. Nc6 Bf6 44. Bxf4+ Kc5 45. Be3+ Kd6 46. Bxh6 Be6 47. Bf4+
Kc5 48. Be3+ Kd6 49. c5+ Kd5 50. Na7 Be5 51. c6 Kd6 52. b6 Bc4 53. c7 1-0

[Event "13th Parsvnath Open"]
[Site "New Delhi IND"]
[Date "2015.01.12"]
[Round "6.35"]
[White "Raghunandan, Kaumandur Srihari"]
[Black "Nath, Rupankar"]
[Result "1/2-1/2"]
[WhiteTitle "FM"]
[WhiteElo "2285"]
[BlackElo "2077"]
[WhiteFideId "25004964"]
[BlackFideId "5006724"]
[EventDate "2015.01.09"]

1. d4 d5 2. Nf3 c6 3. c4 e6 4. Qc2 Nf6 5. Bg5 Be7 6. e3 Nbd7 7. cxd5 exd5 8. Nc3
O-O 9. Bd3 Re8 10. h3 Nf8 11. Bf4 Ng6 12. Bh2 Bd6 13. Bxd6 Qxd6 14. O-O-O Be6
15. Kb1 Rac8 16. g4 c5 17. dxc5 Rxc5 18. Nd4 Ne5 19. g5 Nxd3 20. gxf6 Nb4 21.
Qa4 Nc6 22. Nb3 Bf5+ 23. Ka1 Rxc3 24. bxc3 Qxf6 25. Nd4 Be4 26. Rhf1 Bg2 27. Rg1
Bxh3 28. Rd2 Bd7 29. Qb3 Nxd4 30. cxd4 Bc6 1/2-1/2

[Event "13th Parsvnath Open"]
[Site "New Delhi IND"]
[Date "2015.01.12"]
[Round "6.36"]
[White "Abhilash, Reddy M.L."]
[Black "Jyothilal, N."]
[Result "1-0"]
[WhiteElo "2251"]
[BlackElo "2009"]
[WhiteFideId "5024668"]
[BlackFideId "5002605"]
[EventDate "2015.01.09"]

1. d4 d5 2. Nf3 g6 3. Nc3 Nf6 4. Bf4 Bg7 5. e3 O-O 6. Be2 c6 7. Ne5 Qb6 8. Rb1
Nbd7 9. O-O Re8 10. b4 Ne4 11. Nxe4 dxe4 12. Nxd7 Bxd7 13. c4 Qd8 14. Qc2 e5 15.
dxe5 Bxe5 16. Bg3 Qf6 17. Rbd1 Re7 18. Bxe5 Qxe5 19. Rd4 Rae8 20. Rfd1 Bc8 21.
Qd2 h5 22. a4 Qc7 23. Rd6 Re5 24. Rd8 Bf5 25. Rd6 Qe7 26. Qd4 a6 27. b5 axb5 28.
cxb5 Rc8 29. bxc6 bxc6 30. Qc3 Rd5 31. R6xd5 cxd5 32. Qd2 Rc5 33. a5 Qc7 34. Ra1
Bg4 35. a6 Rc2 36. Qxc2 Qxc2 37. a7 Bxe2 38. a8=Q+ Kg7 39. Qxd5 Bd3 40. Qe5+ Kh7
41. h4 Qc6 42. Ra7 Bc4 43. Rc7 Qa6 44. Re7 1-0